Bordering European Country Match Quiz Stats

 Plays Quiz Updated Feb 13, 2019

Support Sporcle.
Go Orange.
Score 0/13 Timer 05:00
0 Plays Today
% Correct
United Kingdom
91.1%
Spain
90.9%
Finland
82.7%
France
77.2%
Italy
74.5%
Latvia
73%
Germany
68%
Czechia
66.3%
Switzerland
61.4%
Belarus
54%
Slovenia
48.8%
Albania
45.5%
Turkey
41.4%

You're not logged in!

Compare scores with friends on all Sporcle quizzes.
OR
Log In

From the Vault

Harry Potter Screenshot Match: The Sorcerer's Stone

by Quiztopia

Let's just hope you don't get struck with the Forgetfulness Charm.
Remove Ads.
Support Sporcle.
Get the best of Sporcle when you Go Orange. This ad-free experience offers more features, more stats, and more fun while also helping to support Sporcle. Thank you for becoming a member.

Show Comments

Extras

Top Quizzes Today


Score Distribution

Your Account Isn't Verified!

In order to create a playlist on Sporcle, you need to verify the email address you used during registration. Go to your Sporcle Settings to finish the process.

Report this User

Report this user for behavior that violates our Community Guidelines.

Details: